| 000 | 01091nam a2200241 a 4500 | ||
|---|---|---|---|
| 001 | 40130 | ||
| 003 | BD-RjUL | ||
| 005 | 20211209053137.0 | ||
| 008 | 160423s1982 ii ||||| |||| 00| 0 ben d | ||
| 020 | _c: IRs 30.00 | ||
| 035 | _a(BD-RjUL)40245 | ||
| 040 |
_aBD-RjUL _bben _cBD-RjUL |
||
| 041 | _aben | ||
| 082 |
_223 _a891.4408 _bUTT 1982 |
||
| 245 | 0 | 0 |
_aউত্তরকাল ও শরৎচন্দ্র / _cদেবীপদ ভট্রাচার্য উপদেশনা, শিশির মজুমদার সম্পাদনা |
| 260 |
_aকলকাতা : _bএস, ব্যানার্জী এণ্ড কোং, _c১৯৮২ |
||
| 300 |
_a[১০], ২৬৯ পৃ. ; _c২১ সেমি |
||
| 650 |
_aবাংলা সাহিত্য _xসংগ্রহ _9122902 |
||
| 650 |
_aBengali Literature _xCollected Work _9122903 |
||
| 700 |
_a ভট্রাচার্য, দেবীপদ, উপদেশনা, _9123568 |
||
| 700 |
_aমজুমদার, শিশির, সম্পাদক _9123569 |
||
| 942 |
_2ddc _cBK |
||
| 999 |
_c40130 _d40130 |
||